[Event "2nd Silman TNM: 2000+"]
[Site "San Francisco"]
[Date "2025.06.03"]
[Round "5.12"]
[White "Liou, Arthur"]
[Black "Clemens, Kristian"]
[Result "1-0"]
[Annotator "Winslow,Elliott"]
[WhiteElo "2030"]
[BlackElo "1965"]
[PlyCount "137"]
[GameId "2185671328270073"]
[EventDate "2025.??.??"]

1. e4 e5 2. Nf3 Nf6 3. d4 Nxe4 4. Bd3 d5 5. dxe5 Be7 6. O-O O-O 7. Re1 Nc5 8. c3 Nxd3 9. Qxd3 c5 10. Bf4 Nc6 11. h3 Be6 12. Nbd2 Qd7 13. a3 d4 14. cxd4 Rad8 15. Rad1 Nxd4 16. Nxd4 Qxd4 17. Qxd4 Rxd4 18. Be3 Rd5 19. Nf3 Rfd8 20. Rxd5 Rxd5 21. Kf1 Bf5 22. Bd2 Bd3+ 23. Kg1 c4 24. Bc3 Bf5 25. Nd4 Bd3 26. g3 Bc5 {[#]} 27. e6 Kf8 28. Nf3 f6 29. Kg2 Ke7 30. Nd2 b5 31. Ne4 Bxe4+ 32. Rxe4 Rd6 33. Rh4 h6 (33... Kxe6 34. Rxh7 a5 $5 35. Bxa5 $8 Bd4 36. Rxg7 Bxb2 37. Rb7 Ra6 38. Bb4 Rc6 39. Rxb5 c3 40. a4 c2 41. Bd2 c1=Q 42. Bxc1 Bxc1 43. f4 $11) 34. Rh5 $8 g5 35. Rxh6 Rxe6 (35... Bd4 $142) 36. Rh7+ Kf8 37. Kf3 $14 {[#] (0.31/d23)} Re7 $4 (37... Be7) 38. Rh6 $16 (38. Rxe7 $1 Kxe7 39. Bb4 $1 $18) 38... f5 $2 39. Rh5 g4+ 40. hxg4 fxg4+ 41. Kxg4 Bd6 42. Rd5 Re6 43. Kf5 (43. Rxd6 $1) 43... Ke7 44. Rxb5 Re2 45. f4 Re3 46. Rb7+ Ke8 47. Rxa7 (47. g4) 47... Rxg3 $2 48. Ke6 {(#21)} Rg6+ 49. Bf6 Rxf6+ 50. Kxf6 Bxf4 51. Ke6 Kd8 52. a4 (52. Ra4) 52... Kc8 53. Kd5 Bc1 54. Kc6 Kb8 55. Rb7+ Ka8 56. Rb4 Ka7 57. Kd5 Ka6 58. Kxc4 Ka5 59. b3 Be3 60. Rb5+ Ka6 61. Kd5 Bf4 62. Kc6 Be3 63. b4 Ka7 64. Ra5+ Kb8 65. b5 Bd2 66. Ra6 Be3 67. b6 Bf2 68. b7 Ba7 69. a5 1-0

[Event "2nd Silman TNM: 2000+"]
[Site "San Francisco"]
[Date "2025.06.03"]
[Round "5.13"]
[White "Walder, Michael"]
[Black "Viadiu-Ilarraza, Hector"]
[Result "0-1"]
[WhiteElo "2012"]
[BlackElo "1937"]
[PlyCount "60"]
[GameId "2185671328270074"]
[EventDate "2025.??.??"]

1. e4 d5 2. exd5 Qxd5 3. Nc3 Qd6 4. d4 Nf6 5. Nf3 c6 6. Ne5 Bf5 7. Qf3 Bxc2 8. Bf4 Qxd4 9. Bc4 e6 10. O-O Be4 11. Nxe4 Qxe4 12. Qb3 Qxf4 13. Bxe6 Bd6 14. Bxf7+ Kf8 15. Rae1 Qb4 16. Qe6 Bxe5 17. Rxe5 Nbd7 18. Re2 g6 19. a3 Qc5 20. b4 Qh5 21. Qe7+ Kg7 22. Be6+ Kh6 23. Bxd7 Rhf8 24. Re3 Nd5 25. Qe6 Nxe3 26. Qxe3+ Qg5 27. f4 Qf6 28. g4 Kg7 29. g5 Qd6 30. Be6 Rad8 0-1

[Event "2nd Silman TNM: 2000+"]
[Site "San Francisco"]
[Date "2025.06.03"]
[Round "5.14"]
[White "Mercado, Adam"]
[Black "Smith, Roger Christopher"]
[Result "0-1"]
[Annotator "Winslow,Elliott"]
[WhiteElo "1958"]
[BlackElo "1826"]
[PlyCount "94"]
[GameId "2185671328270075"]
[EventDate "2025.??.??"]

1. e4 e5 2. Nf3 Nc6 3. d4 exd4 4. Bc4 Be7 5. c3 Nf6 6. e5 Ng8 {[#]} 7. Qb3 $1 Na5 8. Bxf7+ Kf8 9. Qc2 $2 (9. Qa4 Kxf7 10. Qxa5 $18 dxc3 $6 11. Qd5+ Kf8 12. Nxc3) 9... Kxf7 $11 10. Qf5+ Ke8 11. e6 dxe6 12. Qh5+ g6 13. Qxa5 d3 $14 (13... b6) (13... Bd7) (13... Qd5 14. Qxd5 exd5) 14. Qb5+ (14. O-O $14) 14... Qd7 15. Qb3 Qd5 $2 (15... b6) (15... a5) (15... Nf6) (15... b5) (15... a6) (15... Bf6) 16. c4 $1 $16 Qd6 17. O-O $18 b6 18. Nc3 Qb4 19. Qd1 Qxc4 $6 (19... Bb7) 20. Ne5 Qd4 21. Qf3 $18 Qxe5 22. Qxa8 Kd7 23. Qf3 Bd6 24. g3 Qf5 25. Qxf5 gxf5 26. Nb5 Ba6 27. Nxd6 cxd6 28. Bd2 Ne7 29. Rfc1 Nd5 30. a4 e5 31. b4 Bb7 32. b5 a5 33. Rc4 Ke6 34. Kf1 e4 35. Rac1 h5 36. h4 Rf8 37. Ke1 Ra8 38. Bg5 Kd7 39. Kd2 Rc8 40. Be3 Rxc4 41. Rxc4 Ke6 $18 {[#]} 42. Rd4 $4 Nxe3 43. Kxe3 d5 44. f3 Ke5 45. f4+ Kd6 46. g4 fxg4 47. f5 Ke5 0-1

[Event "2nd Silman TNM: 2000+"]
[Site "San Francisco"]
[Date "2025.06.03"]
[Round "5.15"]
[White "Horowitz, Phineas F"]
[Black "Lewis, Edward"]
[Result "1/2-1/2"]
[Annotator "Winslow,Elliott"]
[WhiteElo "1921"]
[BlackElo "1950"]
[PlyCount "114"]
[GameId "2185671328270076"]
[EventDate "2025.??.??"]

1. d4 Nf6 2. c4 g6 3. Nc3 Bg7 4. Nf3 d6 5. e4 O-O 6. h3 Nc6 7. d5 Nb8 8. Be2 e6 9. O-O exd5 10. exd5 a5 11. Bg5 h6 12. Be3 Re8 13. Qd2 Kh7 14. Bd3 Na6 15. Rae1 Bd7 16. Bd4 Nc5 17. Rxe8 Qxe8 18. Bxc5 dxc5 19. Re1 Qf8 20. Ne5 Be8 21. Re3 c6 22. Qe2 cxd5 23. Nxd5 Nxd5 24. cxd5 Rd8 25. Rf3 f5 26. Re3 Rxd5 27. Nf3 Rd8 28. Re7 Rxd3 29. Rxe8 Qd6 30. Re6 Rd1+ 31. Ne1 Qd2 32. Kh2 Qxe2 33. Rxe2 {[#]} Bxb2 $4 {This is bad. BAD. Well, it draws. There are four moves that lose, all the moves that give up a piece. EVERYTHING ELSE is a win. Twenty-one moves. Well, twenty -- I haven't let it run long enough for 33...Rc1 to be more than .} 34. Rxb2 Rxe1 35. Rxb7+ Kg8 36. Rb5 {Yep. "0.00" down the window.} a4 37. Rxc5 Re2 38. a3 Rxf2 39. Rc4 Kf7 40. Rxa4 Kf6 41. Ra6+ Kg5 42. Kg3 Rc2 43. a4 Rc3+ 44. Kf2 h5 45. h4+ Kxh4 46. Rxg6 Ra3 47. Ra6 Kg4 48. a5 h4 49. Rg6+ Kf4 50. a6 Ra2+ 51. Kg1 Ke3 52. Kh2 f4 53. Kh3 Ke4 54. Kxh4 Kf5 55. Rg5+ Kf6 56. Rg4 Kf5 57. Rg5+ Kf6 1/2-1/2

[Event "2nd Silman TNM: 2000+"]
[Site "San Francisco"]
[Date "2025.06.03"]
[Round "5.16"]
[White "Sankar, Arjun"]
[Black "Ivanenko, Anthony Vladimir"]
[Result "1-0"]
[Annotator "Winslow,Elliott"]
[WhiteElo "1905"]
[BlackElo "1913"]
[PlyCount "78"]
[GameId "2185671328270077"]
[EventDate "2025.??.??"]

1. c4 b6 2. Nc3 Bb7 3. e4 e5 4. d3 Nf6 5. g3 Nc6 6. Bg2 Bb4 7. Nge2 O-O 8. O-O Bc5 9. h3 d6 10. Kh2 Nd7 11. f4 exf4 12. Bxf4 Bd4 13. Qd2 Nc5 14. Rad1 Ne6 15. Be3 a6 16. Nd5 Bxe3 17. Qxe3 Ne5 18. Nef4 c5 19. Rf2 Bxd5 20. Nxd5 b5 21. b3 b4 22. Rf5 {[#] All the following are -+ or better:} Ra7 $6 {This makes it difficult still} (22... a5) (22... Nd4) (22... Re8) (22... Kh8) (22... Rb8) 23. Nxb4 $1 Qa5 $1 24. Rxe5 dxe5 $1 25. Nc6 Qxa2 26. Nxa7 Qxb3 {Well okay, not so hard now} 27. Rf1 Qb7 {Easy, right?} 28. Nb5 axb5 29. cxb5 Qxb5 30. h4 Rd8 31. Rd1 Ra8 32. Rd2 Ra1 (32... Ra3) (32... h6) (32... Qb1) (32... Qb3) 33. Bf3 Qb1 34. Kh3 Qf1+ 35. Bg2 Qc1 36. Qf2 h5 37. Rb2 Qe1 38. Rb8+ Kh7 39. Qf5+ Kh6 1-0

[Event "2nd Silman TNM: 1600-1999"]
[Site "San Francisco"]
[Date "2025.06.03"]
[Round "5.5"]
[White "Ploquin, Phil"]
[Black "Mays-Smith, Isaac S"]
[Result "1/2-1/2"]
[WhiteElo "1637"]
[BlackElo "1643"]
[PlyCount "63"]
[GameId "2185671328270078"]
[EventDate "2025.??.??"]

1. e4 {[%emt 0:00:06]} e5 {[%emt 0:00:03]} 2. Nf3 {[%emt 0:00:04]} Nf6 {[%emt 0:00:04]} 3. d4 {[%emt 0:00:14]} Nxe4 {[%emt 0:00:08]} 4. Bd3 {[%emt 0:00:14]} d5 {[%emt 0:00:16]} 5. Nxe5 {[%emt 0:00:14]} c5 {[%emt 0:05:23]} 6. c3 {[%emt 0:08:01]} cxd4 {[%emt 0:06:13]} 7. cxd4 {[%emt 0:00:26]} Nc6 {[%emt 0:03:26]} 8. O-O {[%emt 0:05:50]} Nxe5 {[%emt 0:05:12]} 9. dxe5 {[%emt 0:01:07]} Bf5 {[%emt 0:00:14]} 10. Qa4+ {[%emt 0:02:19]} Bd7 {[%emt 0:02:15]} 11. Bb5 {[%emt 0:00:23]} Rc8 {[%emt 0:10:28]} 12. Be3 {[%emt 0:04:25]} a6 {[%emt 0:01:06]} 13. Bxd7+ {[%emt 0:00:33]} Qxd7 {[%emt 0:00:10]} 14. Qxd7+ {[%emt 0:00:59]} Kxd7 {[%emt 0:00:09]} 15. Nd2 {[%emt 0:00:24]} Nxd2 {[%emt 0:01:10]} 16. Bxd2 {[%emt 0:00:01]} d4 {[%emt 0:00:15]} 17. Rfc1 {[%emt 0:04:23]} Be7 {[%emt 0:01:45]} 18. f4 {[%emt 0:10:01]} b5 {[%emt 0:03:06]} 19. Kf2 {[%emt 0:02:33]} b4 {[%emt 0:03:51]} 20. Kf3 {[%emt 0:02:25]} Rc5 {[%emt 0:09:15]} 21. Rxc5 {[%emt 0:02:03]} Bxc5 {[%emt 0:00:07]} 22. Ke4 {[%emt 0:01:45]} Kc6 {[%emt 0:01:01]} 23. Rc1 {[%emt 0:01:48]} a5 {[%emt 0:04:19]} 24. b3 {[%emt 0:06:08]} Kb5 {[%emt 0:04:23]} 25. g4 {[%emt 0:07:25]} g6 {[%emt 0:06:39]} 26. f5 {[%emt 0:06:23]} Re8 {[%emt 0:01:20]} 27. Bg5 {[%emt 0:02:00]} Bd6 {[%emt 0:05:01]} 28. Bf6 {[%emt 0:00:22]} Bxe5 {[%emt 0:00:28]} 29. Bxe5 {[%emt 0:00:17]} f6 {[%emt 0:00:12]} 30. Kxd4 {[%emt 0:00:43]} Rxe5 {[%emt 0:00:41]} 31. fxg6 {[%emt 0:01:14]} hxg6 {[%emt 0:00:31]} 32. Rc2 {[%emt 0:01:27]} 1/2-1/2

[Event "2nd Silman TNM: 1600-1999"]
[Site "San Francisco"]
[Date "2025.06.03"]
[Round "5.17"]
[White "Admassu, Yonathan"]
[Black "Yan, Rayna"]
[Result "1-0"]
[Annotator "Winslow,Elliott"]
[WhiteElo "1661"]
[BlackElo "1681"]
[PlyCount "49"]
[GameId "2185671328270079"]
[EventDate "2025.??.??"]

1. e4 c6 2. d4 d5 3. Nc3 dxe4 4. Nxe4 Nf6 5. Nxf6+ exf6 6. c3 Bd6 7. Bd3 Be6 8. Ne2 O-O ({Relevant:} 8... Qc7 9. Qc2 Nd7 10. Be3 O-O-O 11. O-O-O Rhe8 12. c4 c5 13. h3 cxd4 14. Nxd4 Bc5 15. Kb1 Ne5 16. Nb5 Qb6 17. Bxc5 Qxc5 18. Be4 Nxc4 19. Nxa7+ Kb8 20. Qc3 Kxa7 21. Ka1 Qe5 22. Qc2 Nxb2 23. f4 Qxf4 24. Qc5+ Kb8 25. Rxd8+ Rxd8 26. Qb6 Rd7 27. Bxb7 Qc7 28. Qxb2 Qxb7 29. Qf2 Qc6 30. Qg3+ Qd6 31. Rb1+ Kc8 32. Qxg7 Qe5+ {0-1 (32) Duda,J (2753)-Artemiev,V (2716) chess24.com INT 2020}) 9. Qc2 h6 10. O-O Nd7 {[#]} 11. c4 $146 ({Predecessor:} 11. Ng3 Qc7 12. Bd2 Rfe8 13. Qc1 Nf8 14. Bxh6 gxh6 15. Nh5 Bxh2+ 16. Kh1 Bf4 17. Nxf4 Qa5 18. d5 Bxd5 19. b4 Qd8 20. Rd1 Qc8 21. f3 Re5 22. c4 Be6 23. Re1 Rg5 24. Kg1 a5 25. Kf2 Bf5 26. Bxf5 Qxf5 27. g4 Qd7 28. Qc3 Qd6 29. Nh5 Nh7 30. Kg2 axb4 31. Qb2 Rd8 32. Rad1 Qc7 33. Nxf6+ Nxf6 34. Qxf6 Rf8 35. Re7 Qa5 36. Rxf7 Rxf7 37. Rd8+ Qxd8 38. Qxd8+ Kg7 39. Qd4+ Kg8 40. c5 Rfg7 {Pert,N (1452)-Goriachkina,O (1417) Pardubice 2019 ½-½}) 11... Bc7 12. Be3 Nb6 13. Ng3 Qd7 14. f4 Qd8 15. f5 Bd7 16. Nh5 Re8 17. Rae1 Rc8 18. Qe2 Kh8 19. Qg4 Rg8 20. Qh4 Be8 {[#]} 21. Bxh6 gxh6 22. Nxf6 Kg7 23. Nxe8+ Rxe8 24. f6+ Kg8 25. Qg4+ 1-0

[Event "2nd Silman TNM: 1600-1999"]
[Site "San Francisco"]
[Date "2025.06.03"]
[Round "5.18"]
[White "Tam, Hoa Long"]
[Black "Dutter, Frederic"]
[Result "0-1"]
[Annotator "Winslow,Elliott"]
[WhiteElo "1564"]
[BlackElo "1900"]
[PlyCount "96"]
[GameId "2185671328270080"]
[EventDate "2025.??.??"]

1. e4 Nf6 2. e5 Nd5 3. d4 d6 4. c4 Nb6 5. f4 dxe5 6. fxe5 c5 7. d5 e6 8. Nc3 exd5 9. cxd5 c4 10. Be3 (10. Nf3 Bg4 11. Qd4 Bxf3 12. gxf3 Bb4 13. Bxc4 O-O 14. Rg1 g6 15. Bg5 Qc7 16. Bb3 Bc5 17. Qf4 Bxg1 18. d6 {is the wildly famous Bronstein-Ljubojevic (and a later Gruenfeld-Ljubojevic six years later).}) (10. d6 $1) 10... Bb4 11. Qd4 Qxd5 12. Qf4 Nc6 13. Nf3 Be6 14. Be2 Qa5 15. Bd2 Nd5 16. Nxd5 Bxd2+ 17. Nxd2 Qxd5 18. Nxc4 O-O 19. O-O Qc5+ 20. Rf2 Nd4 21. Bd3 Bxc4 22. Rc1 b5 23. b3 Ne6 24. Qh4 g6 25. bxc4 Qe3 26. Rd1 Rad8 27. Qg3 Qxg3 28. hxg3 bxc4 29. Bc2 Rxd1+ 30. Bxd1 c3 31. Bb3 Nd4 32. Kf1 Nxb3 33. axb3 Rb8 34. Rc2 Rxb3 35. Ke1 Kf8 36. Ke2 Ke7 37. Kd3 Ke6 38. Kc4 Rb7 39. Kd4 Rc7 40. g4 a5 41. Ke4 a4 42. g3 a3 43. Kd3 Kxe5 44. Ra2 c2 45. Rxc2 Rxc2 46. Kxc2 Ke4 47. Kb3 Kf3 48. Kxa3 Kxg3 0-1

[Event "2nd Silman TNM: 1600-1999"]
[Site "San Francisco"]
[Date "2025.06.03"]
[Round "5.19"]
[White "Babayan, Gagik"]
[Black "Marvin, Hayes Alexander"]
[Result "0-1"]
[Annotator "Winslow,Elliott"]
[WhiteElo "1725"]
[BlackElo "1919"]
[PlyCount "85"]
[GameId "2185671328270081"]
[EventDate "2025.??.??"]

1. e4 d5 2. exd5 Qxd5 3. Nc3 Qd8 4. d4 Nf6 5. Bc4 c6 6. Bb3 Bf5 7. Nf3 e6 8. a3 Be7 9. Ne2 Nbd7 10. Ng3 Bg6 11. c3 Nd5 {[#]} 12. Bc2 b5 13. O-O O-O 14. Ne5 Nxe5 15. dxe5 Qc7 16. Re1 Rad8 17. Qe2 Rd7 18. Nh5 Rfd8 19. Bxg6 hxg6 20. Nf4 Nb6 21. Qe4 Nc4 22. g3 Rd1 23. Be3 Rxa1 24. Rxa1 Nxb2 25. Ne2 Rd5 26. f4 a5 27. Ra2 Na4 28. Kg2 Nb6 29. Bxb6 Qxb6 30. h4 a4 31. c4 Rd1 32. h5 gxh5 33. cxb5 Qxb5 34. Rc2 Qd5 35. Qxd5 cxd5 36. Nc3 Rd4 37. Nb5 Re4 38. Rc8+ Bf8 39. Ra8 Rc4 40. Kf3 Rc2 41. Rb8 g6 42. Ke3 Kg7 43. Ra8 {Neither score readable at this point. 0-1, 51.} 0-1

[Event "2nd Silman TNM: 1600-1999"]
[Site "San Francisco"]
[Date "2025.06.03"]
[Round "5.20"]
[White "Boyer, John"]
[Black "Ochoa, Jason B"]
[Result "1-0"]
[WhiteElo "1669"]
[BlackElo "1643"]
[PlyCount "65"]
[GameId "2185671328270082"]
[EventDate "2025.??.??"]

1. e4 c5 2. Nf3 d6 3. c3 Nf6 4. e5 dxe5 5. Nxe5 g6 6. Bc4 e6 7. O-O Bg7 8. d4 O-O 9. dxc5 Nfd7 10. Nxd7 Nxd7 11. Be3 Qh4 12. Be2 Ne5 13. f4 Nc6 14. Na3 e5 15. Qe1 Qe7 16. Qf2 Be6 17. Nb5 Rfd8 18. Nd6 b6 19. f5 gxf5 20. Nxf5 Bxf5 21. Qxf5 bxc5 22. Bd3 Rxd3 23. Qxd3 e4 24. Qd5 Rc8 25. Bxc5 Qc7 26. Qxe4 Ne5 27. Bd4 h5 28. Rae1 Ng4 29. Qf4 Bxd4+ 30. cxd4 Qxf4 31. Rxf4 Rc2 32. h3 Nh6 33. Rf2 1-0

[Event "2nd Silman TNM: 1600-1999"]
[Site "San Francisco"]
[Date "2025.06.03"]
[Round "5.21"]
[White "Pickering, Carl Anthony"]
[Black "Siegel, David"]
[Result "1-0"]
[WhiteElo "1621"]
[BlackElo "1462"]
[PlyCount "141"]
[GameId "2185671328270083"]
[EventDate "2025.??.??"]

1. d4 d5 2. e4 dxe4 3. Nc3 Nf6 4. Bg5 Bg4 5. f3 exf3 6. Nxf3 e6 7. Bb5+ c6 {I thought 7. Bb5 was a mistake. On move 6 I was thinking about whether to play ...c6 or ...e6 first (...c6 was actually the computer move), and now my opponent has given me ...c6 for free.} 8. Be2 Be7 9. O-O h6 10. Be3 O-O 11. Qd2 Nd5 12. Bxh6 Nxc3 {The computer doesn't mind the sac. Although maybe not the best move, it can be hard to defend from a practical standpoint. I thought I could probably get my bishops in front of my king and it would be hard for White to make progress, but ultimately I misplayed it. One of the themes to watch out for is that my b8 knight is out of the game, so even though I have an extra piece, I really have no easy way to get it involved.} 13. bxc3 gxh6 14. Qxh6 Bf6 15. Qf4 Bf5 16. g4 Bxc2 17. g5 Bg7 18. h4 {I understood at this point that the pawns were rolling, but it would take a few turns for anything to come of it. In the meantime, I wanted to get more of my pieces into the game. The computer move here was 18... c5, presumably to accomplish this goal more directly.} Na6 19. h5 Qc7 20. Qh4 c5 21. Rf2 cxd4 22. Bxa6 Qxc3 {At this point in the evening I had just stopped thinking clearly. I had missed 22. Bxa6, but Qxc3 was also the wrong response. The bishop would have been trapped after 22... d3! I had even looked into whether the bishop was trapped, but miscalculated. Black still had a small material advantage but the kingside attack was not disappearing...} 23. Rc1 d3 24. Bxd3 Qxd3 25. Rcxc2 Qd1+ 26. Kg2 Rfd8 27. h6 Bh8 {From this point on, White has an overwhelming lead. White cashes in on the kingside pawn storm and I never had another chance. Great game by my opponent!} 28. Qf4 Rac8 29. Rxc8 Rxc8 30. h7+ Kf8 31. g6 Kg7 32. Qxf7+ Kh6 33. g7 Bxg7 34. Qxe6+ Kxh7 35. Qxc8 Qd5 36. Qc2+ Kg8 37. Qb3 Qxb3 38. axb3 Kf8 39. Rc2 a5 40. Rc8+ Kf7 41. Rc7+ Kf6 42. Rxb7 Kg6 43. Rd7 Bc3 44. Nd2 Kf5 45. Nc4 Ke4 46. Ra7 Kd4 47. Nxa5 Kc5 48. Nc4 Kb4 49. Rb7+ Kc5 50. Kf3 Bb4 51. Ke4 Bc3 52. Kd3 Be1 53. Nd2 Kc6 54. Rh7 Kb5 55. Kc3 Kb6 56. Rh5 Kc6 57. Kd3 Kb6 58. Ne4 Kc6 59. Kc4 Kb6 60. b4 Kc6 61. Rh6+ Kb7 62. b5 Ba5 63. Kc5 Bd8 64. Rh7+ Kc8 65. Kc6 Kb8 66. Rh8 Ka7 67. Rh7+ Kb8 68. Rb7+ Ka8 69. Nd6 Ba5 70. Nc8 Bb6 71. Nxb6# 1-0

[Event "2nd Silman TNM: 1600-1999"]
[Site "San Francisco"]
[Date "2025.06.03"]
[Round "5.22"]
[White "Touset, Stephen"]
[Black "Chan, John"]
[Result "1-0"]
[Annotator "Touset,Stephen"]
[WhiteElo "1545"]
[BlackElo "1601"]
[PlyCount "24"]
[GameId "2185671328270084"]
[EventDate "2025.??.??"]

{Qg3!} 1. d4 c6 2. Bf4 d6 3. Nf3 h6 4. h3 {I normally avoid prematurely moving the h-pawn, but here I want to know how Black intends to set up their pieces before I commit to my own. Still, more accurate was to simply claim the center.} (4. e4) 4... Nf6 5. Nc3 {Intending to prepare e4 or provoke 5... d5 from Black, winning a tempo.} d5 6. e3 e6 7. Bd3 Bb4 8. O-O Bxc3 {Black helps White here by trading off their good bishop for White's suboptimally-placed knight.} 9. bxc3 Nbd7 10. c4 dxc4 11. Bxc4 Nb6 12. Bb3 $6 {This allows Black to establish a wonderful outpost for their knight.} (12. Bd3) 12... Nbd5 $6 (12... a5 $1 13. a4 Nbd5 {White cannot prevent Black from occupying b4 with a knight). 13. Bg3 Nc3 14. Qd3 Nce4 (Black has invested five tempi moving this knight. It looks threatening, but Black won't be able to keep it here.} 14. Be5 $6 (14. c4 $1 Qe7 15. Nd2 {Nd6 c4} Bd7 16. c5 {Nf5 e4 Nh4 Nc4?! Better was Bc4 which keeps Black's king permanently in the center. Either way, White's position is completely suffocating for Black.} Bc8 {a4? My instincts are always to launch into an attack before it's fully prepared, and I am trying to change. But here the right move is to just do it already! Ng6} 17. Bd6 Qd7 18. f4 Qd8 {a5 Ne7} 19. Be7 Kxe7 {Nd6 Ne8 Nxe8? At this point I was starting to feel I'd let Black slip out of my grasp.} (19... e5 {Nxd6 exd6 f4 is coming and Black's king will be completely exposed Kxe8? Better was to capture with the rook, where Black's pieces can connect and his king finally has a hope of fleeing to safety.} 20. f5 {e5 d5} Bd7 {d6 Black is again completely suffocated. Qf6} 21. Rb1 h5 22. Bc4 Rb8 23. Rf2 Rh6 {Rfb2 b6 axb6 axb6} 24. Rb6 {Rd8 Rb7} h4 {Rc7 Rh5} 25. Rxb7 {Rg5 Qc2 Rg3 Qa2 Qg5 Bxf7+ Kf8 Rxd7 Qc1+ Kh2 Rxh3+ A nice attempt at tricking White into a draw by threefold repetition, which almost worked! Kxh3 Qe3+ Kh2?? Black has a forced draw. One wrong move can throw away four hours of good play. This is why you should always fight to the last even when far behind! Qf4+ Missing the forced draw. Black had only about a minute left on their clock. Kg1 Qc1+ Kf2 Qf4+ Ke1 Qg3+ Qf2 Now that the queen has joined in on the defense, Black's checks will soon come to an end. Qc3+ Kf1 Qc1+ Qe1 Qc4+ Kg1 Comically missing that the queen was hanging. Even then, Black cannot stop mate.}))) 1-0

[Event "2nd Silman TNM: 1600-1999"]
[Site "San Francisco"]
[Date "2025.06.03"]
[Round "5.23"]
[White "Smith, Robert H III"]
[Black "Schaezlein, Charlie"]
[Result "1-0"]
[WhiteElo "1725"]
[BlackElo "1506"]
[PlyCount "59"]
[GameId "2185671328270085"]
[EventDate "2025.??.??"]

1. e4 Nf6 2. Nc3 d5 3. e5 Nfd7 4. e6 fxe6 5. Bd3 Nf6 6. Nf3 Nc6 7. O-O e5 8. Bb5 Bg4 9. h3 Bxf3 10. Qxf3 Qd6 11. d3 O-O-O 12. Ba4 Nd4 13. Qe3 c6 14. Re1 Nd7 15. Ne2 Qb4 16. Nc3 Nc5 17. a3 Qb6 18. Qxe5 Nxa4 19. Nxa4 Qa5 20. b4 Qxa4 21. Qxd4 e5 22. Rxe5 Qxc2 23. Bg5 Bd6 24. Re6 Rd7 25. Qxa7 Bb8 26. Qe3 Rf8 27. Re8+ Rxe8 28. Qxe8+ Kc7 29. Bf4+ Kb6 30. Bxb8 1-0

[Event "2nd Silman TNM: 1600-1999"]
[Site "San Francisco"]
[Date "2025.06.03"]
[Round "5.24"]
[White "Abraham, Michael David"]
[Black "Zhanaidarov, Orynbay"]
[Result "0-1"]
[WhiteElo "1564"]
[BlackElo "1639"]
[PlyCount "56"]
[GameId "2185671328270086"]
[EventDate "2025.??.??"]

1. d4 f5 2. Bg5 Nf6 3. e3 e6 4. c4 Bb4+ 5. Nc3 O-O 6. Nf3 b6 7. Bd3 Bxc3+ 8. bxc3 Bb7 9. O-O Qe8 10. Rb1 Qh5 11. Bf4 d6 12. h3 Nbd7 13. Be2 Qe8 14. Bd3 e5 15. Bxf5 exf4 16. exf4 Ne4 17. Bxd7 Qxd7 18. Qc1 Qf7 19. Ng5 Nxg5 20. fxg5 Qxc4 21. f4 Rae8 22. Rb2 Ba6 23. Rff2 Re4 24. Rb4 Qe6 25. Qa3 Re1+ 26. Kh2 Qe3 27. Rf3 Qg1+ 28. Kg3 Re2 0-1

[Event "2nd Silman TNM: 1600-1999"]
[Site "San Francisco"]
[Date "2025.06.03"]
[Round "5.25"]
[White "Casares, Nick"]
[Black "Stults, Sawyer"]
[Result "0-1"]
[Annotator "Winslow,Elliott"]
[WhiteElo "1600"]
[BlackElo "1471"]
[PlyCount "80"]
[GameId "2185671328270087"]
[EventDate "2025.??.??"]

1. e4 e5 2. Bc4 Nf6 3. d3 d5 4. exd5 Nxd5 5. Nf3 Nc6 6. O-O Bc5 7. Re1 Qd6 8. Bxd5 Qxd5 9. Nc3 Qe6 10. Ne4 Bb6 11. Neg5 Qf5 12. c3 O-O 13. h3 Rd8 14. Ne4 Qe6 15. Nfg5 Qe7 {[#]} 16. Nxh7 $2 (16. c4) (16. b4 h6 17. Nf3 Bf5 $11 {(-0.25/d29)}) 16... Kxh7 17. Qh5+ Kg8 $19 18. g4 f6 19. Qh4 Rxd3 20. Be3 Be6 21. a4 Bd5 22. Ng3 g6 23. Nf1 f5 24. Bg5 Qh7 25. Bh6 Kf7 26. g5 e4 27. Ne3 Bxe3 28. fxe3 Qh8 29. Re2 Qe5 30. Rf1 Bb3 {[#]} 31. Rxf5+ gxf5 32. Qh5+ Ke6 33. Qg6+ Kd5 34. Qf7+ Kc5 35. Qxb3 Qg3+ 36. Rg2 Qxe3+ 37. Kh1 Qxh3+ 38. Kg1 Rad8 39. Qa3+ Kd5 40. c4+ Ke6 0-1